MARC details
| 000 -CABECERA |
| campo de control de longitud fija |
02807nam a2200325 i 4500 |
| 003 - IDENTIFICADOR DEL NÚMERO DE CONTROL |
| campo de control |
DO-SdBNP |
| 005 - FECHA Y HORA DE LA ÚLTIMA TRANSACCIÓN |
| campo de control |
20250416113648.0 |
| 007 - CAMPO FIJO DE DESCRIPCIÓN FÍSICA--INFORMACIÓN GENERAL |
| campo de control de longitud fija |
ta |
| 008 - DATOS DE LONGITUD FIJA--INFORMACIÓN GENERAL |
| campo de control de longitud fija |
250416b2024 dr ab||| |||| 00| 0 spa d |
| 020 ## - NÚMERO INTERNACIONAL ESTÁNDAR DEL LIBRO |
| Número Internacional Estándar del Libro |
9789945800722 |
| 040 ## - FUENTE DE LA CATALOGACIÓN |
| Centro catalogador/agencia de origen |
DO-SdBNP |
| Lengua de catalogación |
spa |
| Centro/agencia transcriptor |
BNPHU |
| Normas de descripción |
rda |
| 041 ## - CÓDIGO DE LENGUA |
| Código de lengua del texto/banda sonora o título independiente |
spa |
| 082 #4 - NÚMERO DE LA CLASIFICACIÓN DECIMAL DEWEY |
| Número de clasificación |
xxx |
| Número de documento/Ítem |
S211g 2024 |
| Número de edición |
22 |
| 100 ## - ENTRADA PRINCIPAL--NOMBRE DE PERSONA |
| Nombre de persona |
Sánchez Fernández, Kin |
| Término indicativo de función/relación |
autor |
| Código de función/relación |
aut. |
| 9 (RLIN) |
64878 |
| 245 10 - MENCIÓN DE TÍTULO |
| Título |
Guía de anécdotas, cuentos, crónicas y leyendas de la ciudad colonial de Santo Domingo / |
| Mención de responsabilidad, etc. |
Kin Sánchez Fernández ; corrección de estilo Rosmina Valdez Varela ; dirección de arte y diseño Lony Fernández Álvarez ; ilustración de imagenes, Juan A. Rodríguez Voigt ; ilustración de mapas Lony Fernández Álvarez. |
| 250 ## - MENCIÓN DE EDICIÓN |
| Mención de edición |
Tercera edición |
| 264 #4 - PRODUCCIÓN, PUBLICACIÓN, DISTRIBUCIÓN, FABRICACIÓN Y COPYRIGHT |
| Producción, publicación, distribución, fabricación y copyright |
Santo Domingo : |
| Nombre del de productor, editor, distribuidor, fabricante |
Sergio Antonio Grullón Mejía, |
| Fecha de producción, publicación, distribución, fabricación o copyright |
©2024. |
| 300 ## - DESCRIPCIÓN FÍSICA |
| Extensión |
143 páginas : |
| Otras características físicas |
ilustraciones, mapas ; |
| Dimensiones |
23 cm. |
| 336 ## - TIPO DE CONTENIDO |
| Término de tipo de contenido |
texto |
| Código de tipo de contenido |
txt |
| Fuente |
rdacontent |
| 337 ## - TIPO DE MEDIO |
| Nombre/término del tipo de medio |
sin mediación |
| Código del tipo de medio |
n |
| Fuente |
rdamedia |
| 338 ## - TIPO DE SOPORTE |
| Nombre/término del tipo de soporte |
volumen |
| Código del tipo de soporte |
nc |
| Fuente |
rdacarrier |
| 500 ## - NOTA GENERAL |
| Nota general |
Incluye datos biográficos del autor en la solapa de la cubierta. |
| 505 ## - NOTA DE CONTENIDO CON FORMATO |
| Nota de contenido con formato |
Prólogo, 11 -- Introducción, 15 -- Ruta Billini-Colón, 18 -- Casa de Tostado, 21 -- Parque Padre Billini, 22 -- Catedral Nuestra Señora de la Encarnación, 24 -- Casa del general Santiago Pérez, 29 -- Parque Colón, 31 -- Estatua de Colón, 34 -- Palacio Herrera-Borgellá, 35 -- Museo de la Catedral, 36 -- Residencia del Cardenal, 37 -- Casa del Sacramento, 39 -- Plazoleta de los Curas, 40 -- El callejón de los curas, 42 -- Convento de Santa Clara, 43 -- Fortaleza de Santo Domingo, 44 -- Casa de Bastidas, 47 -- Ruta Las Damas, 50 -- Casa de Hernán Cortes, 53 -- Casa de Nicolas de Ovando, 53 -- Casa de los Dávila, 54 -- Iglesia de los Jesuitas y Panteón de la Patria, 55 -- Capilla de los Remedios, 57 -- Museo de las Casas Reales, 58 -- Reloj de Sol, 58 -- Alcázar de Colón, 60 -- Calle de La Atarazana, 64 -- Alcantarillas coloniales, 65 -- Ruta de San Francisco a Las Mercedes, 68 -- Ermita y barrio de San Antón, 71 -- Ruinas de San Francisco, 72 -- Ruinas, 76 -- La casa fatídica, 77 -- Casa del Cordón, 78 -- Banco de Reservas y palacio de Correos, 79 -- Calle Hostos, 79 -- Hospital San Nicolás de Bari, 80 -- Calle Las Mercedes, 84 -- Casa de las Academias, 86 -- Edificios modernos en la calle Mercedes, 86 -- Convento de La Merced o de las Mercedes, 89 -- Calle Sánchez, 97 -- Calle El Conde, 97 -- Murallas coloniales, 102 -- Fuerte de San Gil, 105 -- Ruta de la Independencia, 105. |
| 590 ## - NOTA LOCAL (RLIN) |
| Nota local |
Inventariado, 2025 /LP |
| 700 1# - PUNTO DE ACCESO ADICIONAL--NOMBRE DE PERSONA |
| Nombre de persona |
Valdez Varela, Rosmina |
| Término indicativo de función/relación |
corrector |
| Código de función/relación |
corr. |
| 9 (RLIN) |
87473 |
| 700 1# - PUNTO DE ACCESO ADICIONAL--NOMBRE DE PERSONA |
| Nombre de persona |
Rodríguez Voigt, Juan A Reyes, |
| Término indicativo de función/relación |
ilustrador |
| Código de función/relación |
il. |
| 9 (RLIN) |
87474 |
| 700 1# - PUNTO DE ACCESO ADICIONAL--NOMBRE DE PERSONA |
| Nombre de persona |
Reyes, Keila Francisco, |
| Término indicativo de función/relación |
coordinador |
| Código de función/relación |
coord. |
| 9 (RLIN) |
87475 |
| 910 ## - DATOS DE OPCIÓN DEL USUARIO (OCLC) |
| Datos de opción del usuario |
LP |
| 942 ## - ELEMENTOS DE PUNTO DE ACCESO ADICIONAL (KOHA) |
| Fuente del sistema de clasificación o colocación |
Dewey Decimal Classification |
| Tipo de ítem Koha |
Libro |